| 000 -LEADER |
| fixed length control field |
01407 a2200193 4500 |
| 008 - FIXED-LENGTH DATA ELEMENTS--GENERAL INFORMATION |
| fixed length control field |
230622b ||||| |||| 00| 0 eng d |
| 020 ## - INTERNATIONAL STANDARD BOOK NUMBER |
| International Standard Book Number |
9781138581982 |
| Terms of availability |
Rs1995.00 |
| 041 0# - LANGUAGE CODE |
| Language code of text/sound track or separate title |
eng |
| 082 00 - DEWEY DECIMAL CLASSIFICATION NUMBER |
| Classification number |
660.2804 |
| Item number |
K649 |
| 100 ## - MAIN ENTRY--PERSONAL NAME |
| Personal name |
Kletz, Trevor |
| 9 (RLIN) |
5535 |
| 245 ## - TITLE STATEMENT |
| Title |
Hazop & Hazan: Identifying and Assessing Process Industry Hazards / |
| 250 ## - EDITION STATEMENT |
| Edition statement |
4th ed. |
| 260 ## - PUBLICATION, DISTRIBUTION, ETC. (IMPRINT) |
| Place of publication, distribution, etc |
New York: |
| Name of publisher, distributor, etc |
Taylor & Francis, |
| Date of publication, distribution, etc |
2023. |
| 300 ## - PHYSICAL DESCRIPTION |
| Extent |
xi, 232 p. |
| 505 0# - FORMATTED CONTENTS NOTE |
| Formatted contents note |
1.Hazard Identification and Assessment 2.Hazard and Operability Studies (Hazop) Appendix to Chapter 2-Some Accidents That Could Have Been Prevented by Hazard and Operability Studies 3.Hazard Analysis (Hazan) Appendix to Chapter 3- Belt and Braces 4.A Manager's Guide to Hazard Analysis 5.Objections to Hazop and Hazan Appendix to Chapter 5-Limitations on the Application of Quantitative Methods to Railway Travel 6.Sources of Data and Confidence Limits 7.The History of Hazop and Hazan Conclusions Addendum 1-An Atlas of Saftey Thinking Addendum 2-Myths of Hazop and Hazan Index |
| 520 ## - SUMMARY, ETC. |
| Summary, etc |
This edition provides the basics of applying hazard and operability study (Hazop) and hazard analysis (Hazan). It explains what a Hazop is, who carries it out, when, and how long it should take; points to watch during a Hazop; the stages of Hazard analysis; and pitfalls in Hazan. |
| 650 #0 - SUBJECT ADDED ENTRY--TOPICAL TERM |
| Topical term or geographic name as entry element |
Chemical engineering |
| General subdivision |
Safety measures |
| 942 ## - ADDED ENTRY ELEMENTS (KOHA) |
| Source of classification or shelving scheme |
|
| Item type |
Books |